000 00999nam a22002777a 4500
999 _c14769
_d14769
003 AR-CdUCM
008 190424b ||||| |||| 00| 0 spa d
020 _a978-1-4748-0818-7
040 _aMUNICIPALIDAD PROVINCIAL DEL CUSCO
_cBIBLIOTECA MUNICIPAL DEL CUSCO
082 _aPI / 800 /
_bE46
100 _aElliot, Rachel
_933655
245 _aColección de cuentos para niños de 3 años /
260 _aUSA :
_bParragon,
_c2015.
300 _a93 páginas ;
_bIlustraciones,
_c25 cm.
505 _aContenido: El pollito Benito -- Trol, dos, tres, cuatro... -- Rapónchigo -- ¿Qué me pongo, querido osito?...
650 _aCuentos
_9217
650 _aLiteratura infantil
_9588
650 _aColección de cuentos
_9987
700 _aRyan, Anne Marie
_933656
700 _aSmallman, Steve
_933657
700 _aRandal, Ronne
_933658
700 _aEvans, Nicola (ilustraciones)
_933659
700 _aTemairik, Jaime (ilustraciones)
_933660
942 _2ddc
_cLIBROS
945 _adavv
_d24/04/2019